| 000 | 00440nam a2200169Ia 4500 | ||
|---|---|---|---|
| 008 | 240729s9999 xx 000 0 und d | ||
| 022 | _a2949-7744 | ||
| 245 | 0 | _aGenetics in Medicine Open | |
| 260 | _aUnited States | ||
| 260 | _bElsevier | ||
| 650 | _a Biology (General) | ||
| 650 | _a Genetics | Medicine | ||
| 650 | _aScience | ||
| 856 | _uhttps://doaj.org/toc/5e596ee464ff4fecbfbb887a097fea3d | ||
| 942 | _2ddc | ||
| 942 | _cDOAJEJ | ||
| 999 |
_c72355 _d72355 |
||
| 945 |
_a1 _bMadushi Gamage _c1 _dMadushi Gamage |
||